[Event "AUTO-MASTER-551"]
[Site "http://www.queenalice.com/game.php?id=422635"]
[Date "2008.6.24"]
[Round "1"]
[White "gvbarbosa"]
[Black "VladimirSpirin"]
[Result "1/2-1/2"]
[WhiteElo "2108"]
[BlackElo "2007"]

1. e4 b6 2. d4 Bb7 3. Nc3 g6 4. f4 Bg7 5. Be3 e6 6. Nf3 d6 7. Qe2 Ne7 8. O-O-O
a6 9. g4 Nd7 10. e5 d5 11. h4 c5 12. h5 Qc7 13. hxg6 hxg6 14. Rxh8+ Bxh8 15. Qh2
O-O-O 16. Qh7 cxd4 17. Bxd4 Nc6 18. Qxf7 Nf8 19. Ng5 Nxd4 20. Rxd4 Qd7 21. Na4
Kc7 22. c4 Bc6 23. Nc3 Kb8 24. cxd5 exd5 25. Qxd7 Rxd7 26. Bxa6 Bg7 27. Bb5 Bxb5
28. Nxb5 Bh6 29. Nc3 Bxg5 30. Rxd5 Bxf4+ 31. Kc2 Rxd5 32. Nxd5 Bxe5 33. Nxb6 Kb7
34. Nc4 Bf4 35. Kd3 Nd7 36. Ke4 g5 37. b4 Nf6+ 38. Kf5 Nd5 39. Ne5 Nxb4 40. Nf7
Nxa2 41. Nxg5 Bc1 42. Ne6 Nb4 43. Nf4 1/2-1/2

[Event "AUTO-MASTER-551"]
[Site "http://www.queenalice.com/game.php?id=422636"]
[Date "2008.6.24"]
[Round "1"]
[White "VladimirSpirin"]
[Black "gvbarbosa"]
[Result "1/2-1/2"]
[WhiteElo "2001"]
[BlackElo "2118"]

1. b3 e5 2. Bb2 Nc6 3. g3 d5 4. Bg2 Nf6 5. e3 Bd6 6. d3 Be6 7. Ne2 O-O 8. Nd2
Qe7 9. a3 d4 10. e4 a5 11. h3 Nd7 12. g4 Rfe8 13. Ng3 a4 14. b4 Nxb4 15. axb4
Bxb4 16. O-O a3 17. Bc1 a2 18. Bb2 Qc5 19. Nb3 Bxb3 20. cxb3 Bc3 21. Qc2 Bxb2
22. Qxb2 Qa3 23. Qc2 Nc5 24. Rxa2 Qxa2 25. Qxc5 Qxb3 26. Qxc7 Rac8 27. Qd7 Rcd8
28. Qc7 Qxd3 29. Nf5 Qc3 30. Qxb7 Rb8 31. Qa7 Ra8 32. Qd7 Qc5 33. Bf3 Kf8 34.
Qd5 Qxd5 35. exd5 Reb8 36. Re1 Ra3 37. Bg2 f6 38. d6 Rd8 39. Rb1 g6 40. Ng3 Rxd6
41. Ne4 Rc6 42. Rb8+ Ke7 43. Rb7+ Kd8 44. Rxh7 f5 45. gxf5 gxf5 46. Rh8+ Kc7 47.
Rh7+ Kb6 48. Nd2 Rc1+ 49. Kh2 e4 50. Rf7 e3 51. fxe3 dxe3 52. Nf3 e2 53. Re7
Rxf3 54. Rxe2 Rd3 55. Rf2 Rc5 56. Rb2+ Kc7 57. Rf2 Kd6 58. h4 Rc4 59. Rxf5 Rxh4+
60. Kg1 1/2-1/2

[Event "QA-ANNIV-04"]
[Site "http://www.queenalice.com/game.php?id=445749"]
[Date "2008.8.8"]
[Round "2"]
[White "gvbarbosa"]
[Black "anandya"]
[Result "1-0"]
[WhiteElo "2123"]
[BlackElo "1922"]

1. e4 e5 2. Nf3 d6 3. Bc4 h6 4. c3 Nf6 5. d3 Nc6 6. Be3 a6 7. Nbd2 b5 8. Bb3 Be7
9. O-O Bg4 10. d4 O-O 11. Bc2 Nh7 12. h3 Bh5 13. d5 Nb8 14. b4 Nd7 15. a4 Bg5
16. Re1 Bxe3 17. Rxe3 Qc8 18. axb5 axb5 19. Bd3 Qb7 20. Qf1 Rxa1 21. Qxa1 c5 22.
bxc5 Nxc5 23. Nh4 Nxd3 24. Rxd3 Be2 25. Re3 Bh5 26. c4 bxc4 27. Nxc4 Ra8 28. Qc1
Rc8 29. Nf5 Qd7 30. Rc3 Bg6 31. Nfxd6 Rc7 32. Qb2 Nf6 33. Nxe5 Qd8 34. Rxc7 Qxc7
35. Nxg6 fxg6 36. Qa3 Qd7 37. f3 Kh7 38. Nc4 Qb5 39. Qd3 Nd7 40. Qd4 Nf6 41. d6
Nh5 42. d7 Qb1+ 43. Kh2 1-0

[Event "QA-ANNIV-03"]
[Site "http://www.queenalice.com/game.php?id=446339"]
[Date "2008.8.9"]
[Round "8"]
[White "gvbarbosa"]
[Black "trompmaster"]
[Result "1-0"]
[WhiteElo "2114"]
[BlackElo "2029"]

1. e4 g6 2. d4 Nf6 3. Nc3 d6 4. Bd3 Bg7 5. Nf3 O-O 6. O-O a6 7. a4 b6 8. e5 dxe5
9. dxe5 Ng4 10. Bf4 Nd7 11. Re1 Nc5 12. Bc4 Be6 13. Qe2 Qc8 14. b4 Bxc4 15. Qxc4
Ne6 16. h3 Nh6 17. Bxh6 Bxh6 18. Qh4 Kg7 19. Nd5 g5 20. Qg4 Re8 21. a5 b5 22.
Rad1 Ra7 23. h4 f6 24. hxg5 fxg5 25. Nh4 Kh8 26. Nf5 Bf8 27. Rd3 c5 28. Rh3 Nf4
29. Nxf4 gxf4 30. e6 cxb4 31. Qg6 h6 32. Nxh6 Bg7 33. Nf5+ 1-0

[Event "Sicilian (B97)"]
[Site "http://www.queenalice.com/game.php?id=457096"]
[Date "2008.9.2"]
[Round "3"]
[White "gvbarbosa"]
[Black "mbake5"]
[Result "0-1"]
[WhiteElo "2129"]
[BlackElo "2622"]

1. e4 c5 2. Nf3 d6 3. d4 cxd4 4. Nxd4 Nf6 5. Nc3 a6 6. Bc4 e6 7. O-O Qc7 8. Bd3
Be7 9. Qf3 O-O 10. Qg3 Nbd7 11. Be2 Kh8 12. Rd1 Ne5 13. a4 Bd7 14. f4 Ng6 15. f5
Ne5 16. Bg4 Nexg4 17. fxe6 fxe6 18. Bg5 Qc5 19. e5 dxe5 20. Bxf6 Nxf6 21. Qh4
exd4 22. Qxd4 Qxd4+ 23. Rxd4 Bc5 0-1

[Event "QA-ANNIV-04"]
[Site "http://www.queenalice.com/game.php?id=479361"]
[Date "2008.10.18"]
[Round "3"]
[White "mowliid12"]
[Black "gvbarbosa"]
[Result "0-1"]
[WhiteElo "2036"]
[BlackElo "2140"]

1. e4 c5 2. Nf3 d6 3. d4 cxd4 4. Nxd4 Nf6 5. Nc3 g6 6. Bd3 a6 7. O-O Bg7 8. Be3
O-O 9. f4 Nc6 10. h3 Qe8 11. Nf3 e5 12. Qd2 exf4 13. Bxf4 Ne5 14. Nxe5 dxe5 0-1

[Event "AUTO-OPEN-1147"]
[Site "http://www.queenalice.com/game.php?id=481134"]
[Date "2008.10.22"]
[Round "2"]
[White "gvbarbosa"]
[Black "Diego_Silveira"]
[Result "1-0"]
[WhiteElo "2163"]
[BlackElo "1953"]

1. e4 c6 2. d4 d5 3. e5 Bf5 4. Bd3 Bxd3 5. Qxd3 e6 6. Nf3 Nd7 7. Bg5 Qb6 8. b3
c5 9. c3 cxd4 10. cxd4 Bb4+ 11. Nbd2 Rc8 12. O-O Ne7 13. a3 Bc3 14. Rab1 Nf5 15.
Rfc1 Qc7 16. Rc2 Nxd4 17. Nxd4 Qxe5 18. Rxc3 Rxc3 19. Qxc3 Qxg5 20. Qc8+ Qd8 21.
Qxb7 1-0

[Event "AUTO-OPEN-1147"]
[Site "http://www.queenalice.com/game.php?id=481147"]
[Date "2008.10.22"]
[Round "2"]
[White "gvbarbosa"]
[Black "chicalleje"]
[Result "1-0"]
[WhiteElo "2169"]
[BlackElo "1865"]

1. e4 c5 2. Nf3 Nc6 3. d4 cxd4 4. Nxd4 g6 5. Nc3 Bg7 6. Be3 a6 7. Be2 Nf6 8. Qd2
Nxd4 9. Bxd4 O-O 10. O-O-O b5 11. a3 Qa5 12. Bc5 d6 13. Bb4 Qb6 14. Bxd6 exd6
15. Qxd6 Qxf2 16. Bf3 Be6 17. e5 Ne8 18. Qc6 Bh6+ 19. Kb1 Ng7 20. Rhf1 Qa7 21.
Qd6 Rac8 22. g4 Ne8 23. Qb4 Bg7 24. Nd5 Bxd5 25. Rxd5 Nc7 26. Qc5 Qxc5 27. Rxc5
Ne6 28. Rxc8 Bxe5 29. Rc6 a5 30. Rb6 Nd4 31. c3 Nxf3 32. Rxf3 Bxh2 33. Rxb5 Bc7
34. a4 Kg7 35. b4 axb4 36. cxb4 1-0

[Event "AUTO-OPEN-1147"]
[Site "http://www.queenalice.com/game.php?id=481148"]
[Date "2008.10.22"]
[Round "2"]
[White "chicalleje"]
[Black "gvbarbosa"]
[Result "0-1"]
[WhiteElo "2006"]
[BlackElo "2156"]

1. e4 c5 2. Nf3 d6 3. d4 cxd4 4. Qxd4 a6 5. Bg5 Nc6 6. Qd2 h6 7. Be3 Nf6 8. Nc3
e5 9. h3 Be6 10. Be2 d5 11. exd5 Nxd5 12. Nxd5 Bxd5 13. O-O Be7 14. c4 Be6 15.
Qc3 Qc7 16. b3 O-O 17. Bd3 Bf6 18. Be4 Rfd8 19. Rad1 Rd7 20. Rxd7 Bxd7 21. Qd2
Rd8 22. Qc2 Nb4 23. Qd2 a5 24. Bxh6 Bc6 0-1

[Event "Sicilian (B97)"]
[Site "http://www.queenalice.com/game.php?id=488370"]
[Date "2008.11.5"]
[Round "4"]
[White "crubiov"]
[Black "gvbarbosa"]
[Result "1-0"]
[WhiteElo "2424"]
[BlackElo "2172"]

1. e4 c5 2. Nf3 d6 3. d4 cxd4 4. Nxd4 Nf6 5. Nc3 a6 6. Bg5 g6 7. Bxf6 exf6 8.
Qd2 Bg7 9. O-O-O O-O 10. Bc4 Bd7 11. h4 Nc6 12. h5 Nxd4 13. hxg6 hxg6 14. Qxd4
Be6 15. Bxe6 fxe6 16. Qxd6 Qxd6 17. Rxd6 Rae8 18. e5 f5 19. f4 Kf7 20. Na4 b5
21. Nc5 g5 22. g3 a5 23. Rh5 gxf4 24. gxf4 Re7 25. Ra6 a4 26. c3 Rc8 27. Nxe6
Rxe6 28. Rxf5+ 1-0

[Event "QA-ANNIV-03"]
[Site "http://www.queenalice.com/game.php?id=525036"]
[Date "2009.1.18"]
[Round "10"]
[White "gvbarbosa"]
[Black "Plis"]
[Result "1/2-1/2"]
[WhiteElo "2168"]
[BlackElo "2358"]

1. e4 c5 2. Nf3 d6 3. d4 cxd4 4. Nxd4 Nf6 5. Nc3 a6 6. Bg5 e6 7. f4 Qb6 8. Qd2
Qxb2 9. Nb3 Qa3 10. Bxf6 gxf6 11. Be2 Nc6 12. O-O Bd7 13. Nd1 Qb4 1/2-1/2

[Event "AUTO-OPEN-1147"]
[Site "http://www.queenalice.com/game.php?id=531035"]
[Date "2009.1.28"]
[Round "3"]
[White "gvbarbosa"]
[Black "plexus"]
[Result "0-1"]
[WhiteElo "2168"]
[BlackElo "2364"]

1. d4 d5 2. c4 e5 3. dxe5 d4 4. Nf3 Nc6 5. Nbd2 Nge7 6. g3 Ng6 7. Bg2 Ngxe5 8.
O-O Be7 9. Nb3 Nxf3+ 10. Bxf3 O-O 0-1

[Event "AUTO-OPEN-1147"]
[Site "http://www.queenalice.com/game.php?id=531036"]
[Date "2009.1.28"]
[Round "3"]
[White "plexus"]
[Black "gvbarbosa"]
[Result "1-0"]
[WhiteElo "2371"]
[BlackElo "2162"]

1. e4 c5 2. Nf3 d6 3. d4 cxd4 4. Nxd4 Nf6 5. Nc3 a6 6. Bg5 e6 7. f4 Qb6 8. Qd3
Qxb2 9. Rb1 Qa3 10. f5 Nc6 11. fxe6 fxe6 12. Nxc6 bxc6 13. Be2 Qa5 14. Bd2 Qe5
15. O-O d5 16. Kh1 Be7 17. Bf4 1-0

[Event "QA-ANNIV-04"]
[Site "http://www.queenalice.com/game.php?id=578093"]
[Date "2009.4.26"]
[Round "5"]
[White "gvbarbosa"]
[Black "shogun"]
[Result "0-1"]
[WhiteElo "2156"]
[BlackElo "2605"]

1. e4 c5 2. Nf3 d6 3. d4 cxd4 4. c3 Nf6 5. Qxd4 Nc6 6. Bb5 Bd7 7. Qc4 a6 8. Bxc6
Bxc6 9. Nbd2 g6 10. O-O Bb5 11. Qb4 Bxf1 12. Nxf1 Qd7 13. Bg5 Bg7 14. Ne3 Qb5
15. Qxb5+ axb5 16. Bxf6 Bxf6 17. Nd5 O-O 18. a3 Kg7 19. Nxf6 Kxf6 20. Nd4 d5 21.
exd5 Rad8 22. Nxb5 Rxd5 23. Nd4 e5 24. Nc2 Rd2 25. Rc1 Rfd8 26. Kf1 Rd1+ 27.
Rxd1 Rxd1+ 28. Ke2 Rb1 29. b4 e4 30. a4 Ke5 31. Ne3 f5 32. c4 Rxb4 0-1

[Event "QA-ANNIV-04"]
[Site "http://www.queenalice.com/game.php?id=644200"]
[Date "2009.8.29"]
[Round "6"]
[White "gvbarbosa"]
[Black "EMB2"]
[Result "1/2-1/2"]
[WhiteElo "2155"]
[BlackElo "2129"]

1. e4 e5 2. Nf3 Nc6 3. Bc4 Bc5 4. Nc3 Nf6 5. O-O d6 6. d3 Bg4 7. Bg5 Nd4 8. Na4
O-O 9. Nxc5 dxc5 10. c3 Nxf3+ 11. gxf3 Bh5 12. Qe2 c6 13. a4 Qd7 14. Kg2 h6 15.
Bxf6 gxf6 16. Qe3 Kh7 17. Rg1 Rg8+ 18. Kh1 Qh3 19. Rg3 Rxg3 20. fxg3 Rg8 21. Rg1
b6 22. Qe2 Qd7 23. Rf1 b5 24. axb5 cxb5 25. Bb3 b4 26. Bd5 bxc3 27. g4 Bg6 28.
bxc3 Qe7 29. Qf2 Kg7 30. Ra1 Rc8 31. h4 Rc7 32. Kg2 Qd6 1/2-1/2

[Event "QA-ANNIV-04"]
[Site "http://www.queenalice.com/game.php?id=695043"]
[Date "2009.12.9"]
[Round "7"]
[White "franchouillard"]
[Black "gvbarbosa"]
[Result "0-1"]
[WhiteElo "2079"]
[BlackElo "2154"]

1. d4 Nf6 2. Bg5 Ne4 3. Bh4 c5 4. f3 g5 5. fxe4 gxh4 6. e3 Bh6 7. Kf2 cxd4 8.
exd4 Nc6 9. Nf3 O-O 10. Bd3 e6 11. Rf1 Qb6 0-1

[Event "QA-ANNIV-04"]
[Site "http://www.queenalice.com/game.php?id=762135"]
[Date "2010.4.16"]
[Round "8"]
[White "gvbarbosa"]
[Black "jpzenitram"]
[Result "1-0"]
[WhiteElo "2164"]
[BlackElo "1988"]

1. e4 d6 2. Nf3 Nf6 3. Nc3 g6 4. d4 Bg7 5. Bd3 c5 6. d5 Ng4 7. Bd2 Ne5 8. Qe2
Bg4 9. O-O-O Qc7 10. h3 Bxf3 11. gxf3 c4 12. Nb5 Qc8 13. Kb1 cxd3 14. cxd3 Na6
15. Rc1 Qd8 16. h4 Qb6 17. a4 O-O 18. d4 Nd7 19. h5 Rfc8 20. Rxc8+ Rxc8 21. a5
Qd8 22. Nxa7 Ra8 23. Nb5 b6 24. b4 bxa5 25. bxa5 Rb8 26. Kc2 Nc7 27. Na7 Na8 28.
Nc6 Rc8 29. Kd1 Qe8 30. Qa6 Nb8 31. Qxc8 Kf8 32. Qxe8+ Kxe8 33. Nxb8 Bxd4 34.
hxg6 fxg6 35. Rxh7 g5 36. Ke2 Nc7 37. Nc6 Bf6 38. Nxe7 Bxe7 39. Bxg5 1-0

[Event "verificacao programada"]
[Site "http://www.queenalice.com/game.php?id=1057165"]
[Date "2012.5.7"]
[Round "-"]
[White "albemo"]
[Black "gvbarbosa"]
[Result "0-1"]
[WhiteElo "1987"]
[BlackElo "2177"]

1. e4 c5 2. f4 Nc6 3. Nf3 g6 4. Bc4 d6 5. O-O Bg7 6. c3 Nf6 7. d4 Nxe4 8. Nbd2
Nxd2 9. Bxd2 d5 10. Bd3 cxd4 11. cxd4 Bg4 12. Qa4 Bxf3 13. Rxf3 O-O 14. Be3 Qb6
15. f5 Bxd4 16. Bxd4 Nxd4 17. Rh3 Nc2+ 18. Kh1 Nxa1 19. Qh4 h5 20. fxg6 fxg6 21.
Rg3 Rac8 22. h3 Rc1+ 0-1